000 00412nam a2200157 i 4500
001 51677
003 ES-MaACL
005 20230906162416.0
007 t|
008 030814s1969 sp ||||1| spa d
100 1 _aDe Angeli, G.
_943035
245 1 0 _aDietética para todos /
_cG. De Angeli.
260 _aBarcelona :
_bDe Vecchi,
_c[1969]
300 _a130 p. ;
_c17 cm.
852 _aES-MaACL
_jC-36544
_bR.70996
999 _c51677
_d51677